| 000 | 00640nam a2200157 a 4500 | ||
|---|---|---|---|
| 005 | 20140414132029.0 | ||
| 008 | 110317s19uu xx 00 eng d | ||
| 050 |
_aTR _bL52 1988 |
||
| 100 | _aDePaola, Tomie, 1934- | ||
| 245 |
_aThe legend of the Indian paintbrush / _cretold and illustrated by Tomie dePaola. |
||
| 260 |
_aNew York : _bScholastic , _cc1988. |
||
| 520 | _aLittle Gopher follows his destiny, as revealed in a Dream-Vision, of becoming an artist for his people and eventually is able to bring the colors of the sunset down to the earth. | ||
| 650 |
_aArtists _x Folklore. |
||
| 650 |
_aFlowers _x Folklore. |
||
| 999 |
_c113582 _d113582 |
||